Rámcový postup pri tvorbe vlastného franchisingového konceptu

Franchising je metóda podnikania, ktorá sa využíva najmä v segmente obchodu a služieb. Jej aplikáciou je možné ponúknuť vlasný úspešný biznis (know-how) ako trhový produkt vo forme franchisingovej licencie a následné otvorenie franchisingových prevádzok. Dôležité je poznať princípy tvorby a súvisici...

Full description

Saved in:
Bibliographic Details
Main Author: Šétaffy, Jozef
Format: Book Chapter
Language:Slovak
Subjects:
Tags: Add Tag
No Tags, Be the first to tag this record!

MARC

LEADER 00000naa a2200000 4500
001 0234645
005 20170727122736.5
041 0 |a slo 
044 |a SK 
245 1 0 |a Rámcový postup pri tvorbe vlastného franchisingového konceptu  |c Jozef Šétaffy 
520 |a Franchising je metóda podnikania, ktorá sa využíva najmä v segmente obchodu a služieb. Jej aplikáciou je možné ponúknuť vlasný úspešný biznis (know-how) ako trhový produkt vo forme franchisingovej licencie a následné otvorenie franchisingových prevádzok. Dôležité je poznať princípy tvorby a súvisicie predpisy. 
610 2 0 |a franchising 
610 2 0 |a zákonník obchodný 
610 2 0 |a podnikanie obchodné 
610 2 0 |a know-how 
610 2 0 |a licencie 
100 1 |a Šétaffy, Jozef